000 00789nam a2200229Ia 4500
008 191130s2003##################000#0#eng##
020 _a9780700715800
022 _a2002031602
040 _aACL
_cACL
082 _a940.53520882943 VIC
100 _aVictoria, Daizen
245 _aZen war stories
_cBrian Daizen Victoria
260 _aLondon ; New York
_bRoutledgeCurzon
_cc2003
300 _axviii, 268 p. : ill. ; 24 cm
500 _aIncludes bibliographical references (p. 251-257) and index
650 _aBuddhism and state - Japan - History - 20th century
650 _aWorld War, 1939-1945 - Religious aspects - Zen Buddhism
650 _aZen Buddhism - Japan - History - 20th century
990 _aef93eb84ac10000c6bf2d6a274de9245
991 _a126576
999 _c91700
_d91700